One Piece - Lettre C - Statistiques

Statistiques générales
  • Ce quiz a été pris 90 fois
    56 depuis la dernière actualisation
  • Le résultat moyen est 17 sur 25
Statistiques - réponses
Indice Réponse % Correct
Nom de famille de tous l'équipage de Big Mom Charlotte
100%
Membre de la génération terrible surnommé "Gang" ( nom complet ) Capone "gang" Bege
92%
Boisson énergisante qui rend Franky Fonctionnel Cola
90%
Nom du chef d'un équipage Capitaine
88%
Médecin de bord au nez bleu Chopper
88%
Grand corsaire extrêmement Charismatique Crocodile
88%
Bande qui entoure Grand Line Calm Belt
82%
Scientifique fou qui fait "Shouloulouloulou" César Clown
82%
Médecin de bord de l'équipage de l'ancien roi des pirates Crocus
82%
catégorie de pirate mandaté par l'état Corsaire
80%
Capacité du Thousand Sunny qui permet au navire de s'envoler brievement Coup de Burst
80%
Pirate élégant et bretteur Cavendish
78%
Organisation crée par Baggy, Mihawk et Crocodile après s'être fait destitué du titre de grand corsaire Cross guild
76%
Professeur et mentor de Nico Robin Clover
73%
Mère de Big Mom qui à été mangée par cette dernière Carmel
69%
Unité d'intervention la plus puissante et la plus compétente du gouvernement mondial CP0
69%
Type de fruit Zoan qui comprend les modèle Chacal, loup, ... Canidé
67%
Unité d'intervention du gouvernement mondial Cipher pol
65%
Surnom d'un lieutenant de la Don Quichotte Family Corazon
61%
Moyen de connaître la direction d'une personne quelque soit la distance Carte de vie
59%
Surnom de la capitale de Wano Capitale des fleurs
55%
Nom de l'arme final de Nami inventé par Usopp Climat Tact
43%
Rang dans l'équipage d'un empereur Commandant
41%
Nouvelle princesse de la principauté de Mokomo Carrot
37%
Ville de Totoland, fait de chocolat Chocolat ville
4%
Aucun quiz correspondant
Distribution des résultats
% des personnes avec chaque résultat
Percentile par nombre de réponses
Votre historique - résultats
Vous n’avez pas pris ce quiz depuis la dernière actualisation